14 Historias inevitables de la adolescencia / (Record no. 197119)

MARC details
000 -LEADER
campo de control de longitud fija 01040nam a2200277 i 4500
001 - NÚMERO DE CONTROL
campo de control 197119
003 - IDENTIFICADOR DE NÚMERO DE CONTROL
campo de control ES-MaACL
005 - FECHA Y HORA DE LA ÚLTIMA TRANSACCIÓN
campo de control 20250822063246.0
008 - DATOS DE LONGITUD FIJA--INFORMACIÓN GENERAL
campo de control de longitud fija 250422b2022 sp ||||| |||| 00| 0 spa d
020 ## - NÚMERO INTERNACIONAL ESTÁNDAR DEL LIBRO
Número Internacional Estándar del Libro 9786079913267
040 ## - FUENTE DE CATALOGACIÓN
Lengua de catalogación spa
Centro/agencia transcriptor ES-MaACL
245 ## - MENCIÓN DEL TÍTULO
Título 14 Historias inevitables de la adolescencia /
Mención de responsabilidad, etc. compiladores Lizbeth Lara y Daniel Sánchez.
260 ## - PUBLICACIÓN, DISTRIBUCIÓN, ETC.
Lugar de publicación, distribución, etc. Toluca (Estado de México) :
Nombre del editor, distribuidor, etc. Editorial Casa Alef México,
Fecha de publicación, distribución, etc. 2022.
300 ## - DESCRIPCIÓN FÍSICA
Extensión 113 páginas ;
Dimensiones 21 cm.
336 ## - TIPO DE CONTENIDO
Fuente rdacontent
Término de tipo de contenido texto
337 ## - TIPO DE MEDIO
Fuente rdamedia
Nombre/término del tipo de medio sin mediación
338 ## - TIPO DE SOPORTE
Fuente rdacarrier
Nombre/término del tipo de soporte volumen
655 #0 - TERMINO DE INDIZACIÓN--GENERO/FORMA
9 (RLIN) 176540
Datos o término principal de género/forma Antologías
700 1# - ENTRADA AGREGADA--NOMBRE PERSONAL
Nombre de persona Lara, Lizbeth
Término indicativo de función/relación Compilador
9 (RLIN) 241959
700 1# - ENTRADA AGREGADA--NOMBRE PERSONAL
Nombre de persona Sánchez, Daniel
Término indicativo de función/relación Compilador
9 (RLIN) 241960
852 ## - LOCALIZACIÓN
Ubicación ES-MaACL
Ubicación en estantería Depósito J
Número de control de estantería N-10510
Encuadernación Encuadernación rústica con solapas
itemnumber 206633
Donativo/Legado Donación: Editorial
942 ## - ELEMENTOS DE ENTRADA SECUNDARIOS (KOHA)
Tipo de ítem Koha Libro impreso
Suprimir en OPAC No
Holdings
Estatus retirado Estado de pérdida Fuente del sistema de clasificación o colocación Estado de daño No para préstamo Biblioteca de origen Biblioteca actual Ubicación en estantería Fecha de adquisición Fuente de adquisición Total de préstamos Signatura topográfica completa Código de barras Visto por última vez Precio de reemplazo Tipo de ítem Koha
    Clasificación decimal universal     Biblioteca del Ateneo de Madrid Biblioteca del Ateneo de Madrid Depósito J 20/08/2025 Donación   N-10510 2025-1009 20/08/2025 20/08/2025 Libro impreso